00466nam a2200157Ia 4500001001000000003000500010008004100015010001100056040000900067100001700076245007100093260005800164300001000222440004100232650003500273Para_4687CHAP220125s1939 xx 000 0 und d a203128 cCHAP aWilson, J. K aLeguminous plants and their associated organisms /c J. K. Wilson aIthaca, New York :b Agricultural Experiment Station a48 p. aNew York. Agr. Exp. Sta. Memoir; 221 aLeguminosas x Investigación